Noví euromanažeři.

V západnej Európe nastupuje nová generácia manažérov. Hlavné charakteristiky tejto novej generácie: Vek 35-50 rokov, vzdelanie - absolvovanie niektorej školy manažérov, jazykové znalosti (plynule hovoriť tromi jazykmi), riadiaca prax, pracovné skúsenosti, pružnosť v zmene výroby a personálnej politi...

ver descrição completa

Na minha lista:
Detalhes bibliográficos
Formato: Capítulo de Livro
Idioma:tcheco
Assuntos:
Tags: Adicionar Tag
Sem tags, seja o primeiro a adicionar uma tag!

MARC

LEADER 00000naa a2200000 4500
001 r011805
005 20220826094804.8
041 0 |a cze 
044 |a [CS] 
245 1 0 |a Noví euromanažeři. 
520 |a V západnej Európe nastupuje nová generácia manažérov. Hlavné charakteristiky tejto novej generácie: Vek 35-50 rokov, vzdelanie - absolvovanie niektorej školy manažérov, jazykové znalosti (plynule hovoriť tromi jazykmi), riadiaca prax, pracovné skúsenosti, pružnosť v zmene výroby a personálnej politike, schopnosť pracovať na globálnych trhoch. Ich doménou je deregulovaná ekonomika otvorená svetu. 
610 2 0 |a manažéri 
610 2 0 |a Európa 
610 2 0 |a vzdelávanie 
610 2 0 |a MBA 
610 2 0 |a Čechy